| 000 | 00394nam a22001337a 4500 | ||
|---|---|---|---|
| 020 | _a07-001524-4 | ||
| 082 | _a621.9 TOO'W | ||
| 100 |
_aHARVEY, P.D,WILSON, F.W _956990 |
||
| 245 | _aTOOL ENGINEER'S HANDBOOK A REFERENCE BOOK ON ALL PHASES OF PLANNING CONTROL DESIGN TOOLING AND OPERATION | ||
| 250 | _a2ND | ||
| 260 |
_aNEWYORK _bMCGRAW HILL _c1959 |
||
| 300 | _aXXVII, 103-16P | ||
| 942 | _cBK | ||
| 999 |
_c582565 _d582565 |
||